<?xml version="1.0" encoding="UTF-8"?>
<record
    xmlns:xsi="http://www.w3.org/2001/XMLSchema-instance"
    xsi:schemaLocation="http://www.loc.gov/MARC21/slim http://www.loc.gov/standards/marcxml/schema/MARC21slim.xsd"
    xmlns="http://www.loc.gov/MARC21/slim">

  <leader>03409nam a2200565Ia 4500</leader>
  <controlfield tag="001">683</controlfield>
  <controlfield tag="008">241029s9999    xx            000 0 und d</controlfield>
  <datafield tag="010" ind1=" " ind2=" ">
    <subfield code="a">618</subfield>
  </datafield>
  <datafield tag="041" ind1=" " ind2=" ">
    <subfield code="a">Espa&#xF1;ol</subfield>
  </datafield>
  <datafield tag="082" ind1=" " ind2=" ">
    <subfield code="a">NO APLICA</subfield>
  </datafield>
  <datafield tag="245" ind1=" " ind2="0">
    <subfield code="a">Mejoramiento del desempe&#xF1;o pedag&#xF3;gico profesional de los docentes del Segundo Ciclo de la Educaci&#xF3;n B&#xE1;sica de los centros p&#xFA;blicos urbanos del Distrito 05-02 San Pedro de Macor&#xED;s.</subfield>
  </datafield>
  <datafield tag="260" ind1=" " ind2=" ">
    <subfield code="a">Santo Domingo</subfield>
  </datafield>
  <datafield tag="300" ind1=" " ind2=" ">
    <subfield code="a">80</subfield>
  </datafield>
  <datafield tag="520" ind1=" " ind2=" ">
    <subfield code="a">9</subfield>
  </datafield>
  <datafield tag="630" ind1=" " ind2=" ">
    <subfield code="a">Centros Educativos</subfield>
  </datafield>
  <datafield tag="630" ind1=" " ind2=" ">
    <subfield code="a">Desempe&#xF1;o Docente</subfield>
  </datafield>
  <datafield tag="630" ind1=" " ind2=" ">
    <subfield code="a">Docentes</subfield>
  </datafield>
  <datafield tag="630" ind1=" " ind2=" ">
    <subfield code="a">Mejoramiento</subfield>
  </datafield>
  <datafield tag="650" ind1=" " ind2=" ">
    <subfield code="a">Gesti&#xF3;n Educativa</subfield>
  </datafield>
  <datafield tag="690" ind1=" " ind2=" ">
    <subfield code="a">Elaborado</subfield>
  </datafield>
  <datafield tag="700" ind1=" " ind2=" ">
    <subfield code="e">asesor</subfield>
    <subfield code="a">P&#xE9;rez Viera , Odalys </subfield>
  </datafield>
  <datafield tag="700" ind1=" " ind2=" ">
    <subfield code="e">autor</subfield>
    <subfield code="a">Pulino Peralta , Milagros </subfield>
  </datafield>
  <datafield tag="700" ind1=" " ind2=" ">
    <subfield code="e">autor</subfield>
    <subfield code="a">P&#xE1;ez Ovalles , Dorca Rocio </subfield>
  </datafield>
  <datafield tag="901" ind1=" " ind2=" ">
    <subfield code="a">{"1":"Pulino Peralta ","2":"P&#xE1;ez Ovalles "}</subfield>
    <subfield code="b">{"1":"Milagros ","2":"Dorca Rocio "}</subfield>
  </datafield>
  <datafield tag="902" ind1=" " ind2=" ">
    <subfield code="a">1</subfield>
  </datafield>
  <datafield tag="903" ind1=" " ind2=" ">
    <subfield code="a">{"1":"P&#xE9;rez Viera "}</subfield>
    <subfield code="b">{"1":"Odalys "}</subfield>
  </datafield>
  <datafield tag="904" ind1=" " ind2=" ">
    <subfield code="a">Maestr&#xED;a en</subfield>
  </datafield>
  <datafield tag="905" ind1=" " ind2=" ">
    <subfield code="a">Gesti&#xF3;n de Centros Educativos</subfield>
  </datafield>
  <datafield tag="906" ind1=" " ind2=" ">
    <subfield code="a">2</subfield>
  </datafield>
  <datafield tag="907" ind1=" " ind2=" ">
    <subfield code="a">NO APLICA</subfield>
  </datafield>
  <datafield tag="908" ind1=" " ind2=" ">
    <subfield code="a">NO APLICA</subfield>
  </datafield>
  <datafield tag="909" ind1=" " ind2=" ">
    <subfield code="a">Universidad Aut&#xF3;noma de Santo Domingo (UASD)</subfield>
  </datafield>
  <datafield tag="910" ind1=" " ind2=" ">
    <subfield code="a">NULL</subfield>
    <subfield code="b">NULL</subfield>
  </datafield>
  <datafield tag="911" ind1=" " ind2=" ">
    <subfield code="a">["1"]</subfield>
  </datafield>
  <datafield tag="912" ind1=" " ind2=" ">
    <subfield code="a">NO APLICA</subfield>
  </datafield>
  <datafield tag="913" ind1=" " ind2=" ">
    <subfield code="a">NULL</subfield>
  </datafield>
  <datafield tag="914" ind1=" " ind2=" ">
    <subfield code="a">01 de Noviembre de 2013</subfield>
  </datafield>
  <datafield tag="915" ind1=" " ind2=" ">
    <subfield code="a">12/06/14 02:06</subfield>
  </datafield>
  <datafield tag="916" ind1=" " ind2=" ">
    <subfield code="a">NULL</subfield>
  </datafield>
  <datafield tag="917" ind1=" " ind2=" ">
    <subfield code="a">NULL</subfield>
  </datafield>
  <datafield tag="918" ind1=" " ind2=" ">
    <subfield code="a">NO APLICA</subfield>
  </datafield>
  <datafield tag="919" ind1=" " ind2=" ">
    <subfield code="a">["33","62","70","215"]</subfield>
  </datafield>
  <datafield tag="520" ind1=" " ind2=" ">
    <subfield code="a">El estudio como objetivos principales dise&#xF1;ar un sistema de acciones de capacitaci&#xF3;n que contribuya el mejoramiento del desempe&#xF1;o pedag&#xF3;gico profesional de los docentes del Segundo &#xA0;Ciclo de la Educaci&#xF3;n B&#xE1;sica de los centros p&#xFA;blicos urbanos del Distrito 05-02 San Pedro de Macor&#xED;s Rep&#xFA;blica Dominicana, determinar el estado actual del desempe&#xF1;o pedag&#xF3;gico profesional de los docentes.&#xA0;La metodolog&#xED;a utilizada fue el m&#xE9;todo general dial&#xE9;ctico materialista y se fundament&#xF3; en el an&#xE1;lisis y la s&#xED;ntesis como t&#xE9;cnica se utiliz&#xF3; la observaci&#xF3;n, la entrevista, la encuesta, la gu&#xED;a de observaci&#xF3;n y la consulta a especialista.Se trabaj&#xF3; con una poblaci&#xF3;n de 109 docentes, 15 directores y 4,122 estudiantes y como muestra se tomaron 42 docentes, 9 directores y 358 estudiantes.El estudio concluy&#xF3; que el desempe&#xF1;o pedag&#xF3;gico profesionales de los docentes del Segundo Ciclo se encuentra afectado en las dimensiones pedag&#xF3;gica profesional, capacitaci&#xF3;n pedag&#xF3;gico y &#xE9;tica laboral, existe la necesidad de mayor capacitaci&#xF3;n y actualizaci&#xF3;n profesional para los docentes del segundo ciclo de la educaci&#xF3;n b&#xE1;sica, que un enfoque personalizado es el que toma el cuenta las necesidades reales desde una interrelaci&#xF3;n dial&#xE9;ctico entre el sujeto y el objeto que contribuye al mejoramiento del desempe&#xF1;o pedag&#xF3;gico profesional de los docentes.El estudio recomend&#xF3; que debe generalizar la aplicaci&#xF3;n del sistema de acciones de capacitaci&#xF3;n propuesta a otros centros educativos del Distrito 05-02, realizar seminarios dirigidos a los docentes con la finalidad de detectar y dar seguimientos a las necesidades individuales de los estudiantes y motivar a los docentes para que aprovechen las oportunidades de capacitaci&#xF3;n que les ofrece el Ministerio de Educaci&#xF3;n conjuntamente con la Regional.</subfield>
  </datafield>
  <datafield tag="921" ind1=" " ind2=" ">
    <subfield code="a">16</subfield>
  </datafield>
  <datafield tag="922" ind1=" " ind2=" ">
    <subfield code="a">16</subfield>
  </datafield>
  <datafield tag="923" ind1=" " ind2=" ">
    <subfield code="a">0</subfield>
  </datafield>
  <datafield tag="924" ind1=" " ind2=" ">
    <subfield code="a">NO APLICA</subfield>
  </datafield>
  <datafield tag="942" ind1=" " ind2=" ">
    <subfield code="c">Tesis</subfield>
  </datafield>
  <datafield tag="999" ind1=" " ind2=" ">
    <subfield code="c">618</subfield>
    <subfield code="d">618</subfield>
  </datafield>
</record>
